Patani dahulu dan sekarang

Bibliographic Details
Main Author: Bangnara, A. (Author)
Format: Book
Published: [s.I.] : Penal Penyelidikan Angkatan Patani , 1977
Subjects:

MARC

LEADER 00000cam a2200000 7i4500
001 0000007693
005 20021119093000.0
008 021119n
090 0 0 |a DS588.P3   |b B3 
100 0 |a Bangnara, A. ,   |e author 
245 0 0 |a Patani dahulu dan sekarang   |c A. Bangnara   |f diterjemahkan ke bahasa Patani oleh A. Patani dan A. Jala 
260 2 |a [s.I.] :   |b Penal Penyelidikan Angkatan Patani ,   |c 1977 
300 |a 105 ms. ; ;   |c 20 sm. 
501 |a Teks Jawi 
651 0 |a Pattani (Thailand)   |x History 
651 0 |a Thailand   |x Politics and government 
999 |a 1000008588   |b Book   |c OPEN SHELF (30 DAYS)   |e Gong Badak Campus